Catálogo público

House-fly control / (Record no. 202251)

MARC details
000 -CABECERA
campo de control de longitud fija 00804nam a2200265Ia 4500
001 - NÚMERO DE CONTROL
campo de control Para_3653
003 - IDENTIFICADOR DEL NÚMERO DE CONTROL
campo de control CHAP
008 - DATOS DE LONGITUD FIJA--INFORMACIÓN GENERAL
campo de control de longitud fija 220125s1915 xx 000 0 und d
010 ## - NÚMERO DE CONTROL DE LA BIBLIOTECA DEL CONGRESO
Número de control de LC 202251
040 ## - FUENTE DE LA CATALOGACIÓN
Centro/agencia transcriptor CHAP
082 ## - NÚMERO DE LA CLASIFICACIÓN DECIMAL DEWEY
Número de clasificación PA-C 595.77 D5
100 ## - ENTRADA PRINCIPAL--NOMBRE DE PERSONA
Nombre de persona Hewitt, C. Gordon
9 (RLIN) 55096
245 ## - MENCIÓN DE TÍTULO
Título House-fly control /
Mención de responsabilidad, etc. C. Gordon Hewitt
500 ## - NOTA GENERAL
Nota general Sobretiro de: The agricultural gazette of Canada 2 (5): 418-421, 1915 Encuadernado con impresos similares
650 ## - PUNTO DE ACCESO ADICIONAL DE MATERIA--TÉRMINO DE MATERIA
Término de materia o nombre geográfico como elemento de entrada Control biológico de insectos
9 (RLIN) 27582
650 ## - PUNTO DE ACCESO ADICIONAL DE MATERIA--TÉRMINO DE MATERIA
Término de materia o nombre geográfico como elemento de entrada Dípteros
9 (RLIN) 33715
650 ## - PUNTO DE ACCESO ADICIONAL DE MATERIA--TÉRMINO DE MATERIA
Término de materia o nombre geográfico como elemento de entrada Musca doméstica
9 (RLIN) 79867
901 ## - ELEMENTOS DE DATOS A LOCAL LDA (RLIN)
a PA-C 595.77 D5
902 ## - ELEMENTOS DE DATOS B LOCAL, LDB (RLIN)
a A
905 ## - ELEMENTOS DE DATOS E LOCAL, LDE (RLIN)
a 0000001915 0000000000 00
910 ## - DATOS DE OPCIÓN DEL USUARIO (OCLC)
Datos de opción del usuario 1915
942 ## - ELEMENTOS DE PUNTO DE ACCESO ADICIONAL (KOHA)
Tipo de ítem Koha Parasitologia_
942 ## - ELEMENTOS DE PUNTO DE ACCESO ADICIONAL (KOHA)
Tipo de ítem Koha Parasitologia_
-- 1
Holdings
Estado de retiro Estado de pérdida Fuente del sistema de clasificación o colocación Estado dañado Restricciones de uso No para préstamo Código de colección Localización permanente Ubicación/localización actual Ubicación en estantería Fecha de adquisición Información codificada de la localización en otra ubicación Enumeración/cronología de publicación seriada Total de préstamos Código de barras Fecha visto por última vez Precio válido a partir de Tipo de ítem Koha Nota pública
    Dewey Decimal Classification   Préstamo interno   Consulta Parasitologia Agricola Parasitologia Agricola   27/10/2005 PARA Volumen: 11   PA_1050-8 25/01/2022 25/01/2022 Libro 3